[Event "Ñandu Loco"]
[Site "SchemingMind.com"]
[Date "2009.06.28"]
[Round "-"]
[White "crespov"]
[Black "THart"]
[Result "1-0"]
[WhiteCountry "CHI"]
[BlackCountry "USA"]
[WhiteElo "1707"]
[WhiteRD "70"]
[BlackElo "1764"]
[BlackRD "70"]
[GameID "210314"]

1. c4 e5 2. Nc3 Nf6 3. g3 Bc5 4. e3 O-O 5. Bg2 c6 6. Nge2 Re8 7. O-O d5 8. cxd5 cxd5 9. d4 exd4 10. Nxd4 Bg4
11. Qb3 b6 12. Nxd5 Nxd5 13. Bxd5 Be6 14. Nxe6 fxe6 15. Bxa8 Na6 16. Bc6 Re7 17. Rd1 Qc8 18. Bb5 Nc7 19. Bc4 a6 20. Bd2 b5
21. Bd3 Qf8 22. Qc2 Rf7 23. Bc3 g6 24. Bxg6 hxg6 25. Qxg6+ Rg7 26. Qxg7+ Qxg7 27. Bxg7 Bb6 28. Be5
1-0

[Event "Ñandu Loco"]
[Site "SchemingMind.com"]
[Date "2009.06.28"]
[Round "-"]
[White "Quanah4"]
[Black "THart"]
[Result "0-1"]
[WhiteCountry "USA"]
[BlackCountry "USA"]
[WhiteElo "1656"]
[WhiteRD "80"]
[BlackElo "1764"]
[BlackRD "70"]
[GameID "210315"]

1. d4 d6 2. c4 Nc6 3. e3 Nf6 4. Nc3 Bf5 5. Bd3 Bxd3 6. Qxd3 e6 7. Nf3 Be7 8. O-O O-O 9. b3 d5 10. cxd5 exd5
11. Bb2 Bb4 12. Rac1 Bxc3 13. Bxc3 Ne4 14. h3 Ne7 15. Nh2 Nf5 16. Rfe1 Nh4 17. g3 Qg5 18. Kf1 Qf6 19. Ng4 Nxg3+ 20. Kg1 Qf3
0-1

[Event "Ñandu Loco"]
[Site "SchemingMind.com"]
[Date "2009.06.27"]
[Round "-"]
[White "Ronald R. Nurmi"]
[Black "THart"]
[Result "0-1"]
[WhiteCountry "USA"]
[BlackCountry "USA"]
[WhiteElo "1739"]
[WhiteRD "71"]
[BlackElo "1764"]
[BlackRD "70"]
[GameID "210316"]

1. d4 d6 2. Bf4 Nf6 3. e3 Bf5 4. Nf3 e6 5. Nbd2 Nbd7 6. Be2 Be7 7. c4 O-O 8. h3 c5 9. O-O cxd4 10. Nxd4 Bxh3
11. gxh3 e5 12. Bg3 exd4 13. exd4 d5 14. b3 Ne4 15. Nxe4 dxe4 16. Bg4 f5 17. Be2 Bh4 18. Qd2 Bg5 19. Bf4 Bxf4 20. Qxf4 Rf6
21. Kh2 Qb6 22. d5 Qd6 23. Qxd6 Rxd6 24. Kg3 g6 25. Kf4 Kg7 26. Bd1 Kf6 27. Rg1 Ne5 28. Be2 Rg8 29. h4 h6 30. Rg2 g5+
31. hxg5+ hxg5+ 32. Ke3 Rh8 33. Rag1 Rh3+ 34. Kd2 g4 35. Bd1 Nf3+ 36. Bxf3 exf3 37. Rg3 Rxg3 38. Rxg3 Kg5 39. Rg1 f4 40. b4 b5
41. Kd3 Kf5 42. Kd4 bxc4 43. Kxc4 Rg6 44. Kc5 g3 45. d6 g2 46. d7 Rg8 47. Kd6 Kg4
0-1